<?xml version="1.0" encoding="UTF-8"?>
<record
    xmlns:xsi="http://www.w3.org/2001/XMLSchema-instance"
    xsi:schemaLocation="http://www.loc.gov/MARC21/slim http://www.loc.gov/standards/marcxml/schema/MARC21slim.xsd"
    xmlns="http://www.loc.gov/MARC21/slim">

  <leader>01758nam a2200277 a 4500</leader>
  <controlfield tag="001">64153</controlfield>
  <controlfield tag="003">BD-RjUL</controlfield>
  <controlfield tag="005">20211209081257.0</controlfield>
  <controlfield tag="008">170209s1963    ii            001 0 ben  </controlfield>
  <datafield tag="020" ind1=" " ind2=" ">
    <subfield code="c">: IRs. 1.00</subfield>
  </datafield>
  <datafield tag="035" ind1=" " ind2=" ">
    <subfield code="a">(BD-RjUL)64283</subfield>
  </datafield>
  <datafield tag="040" ind1=" " ind2=" ">
    <subfield code="a">BD-RjUL</subfield>
    <subfield code="c">BD-RjUL</subfield>
    <subfield code="d">BD-RjUL</subfield>
    <subfield code="b">ben/eng</subfield>
  </datafield>
  <datafield tag="041" ind1=" " ind2=" ">
    <subfield code="a">ben</subfield>
  </datafield>
  <datafield tag="082" ind1="0" ind2="0">
    <subfield code="a">379.54</subfield>
    <subfield code="2">23</subfield>
    <subfield code="b">HUB 1963</subfield>
  </datafield>
  <datafield tag="100" ind1="1" ind2=" ">
    <subfield code="a">&#x9B9;&#x9C1;&#x9B8;&#x9C7;&#x9A8;, &#x99C;&#x9BE;&#x995;&#x9C0;&#x9B0;</subfield>
    <subfield code="9">221241</subfield>
  </datafield>
  <datafield tag="245" ind1="1" ind2="0">
    <subfield code="a">&#x9AD;&#x9BE;&#x9B0;&#x9A4;&#x9C7; &#x9B6;&#x9BF;&#x995;&#x9CD;&#x9B7;&#x9BE;&#x9B0; &#x9AA;&#x9C1;&#x9A8;&#x9B0;&#x9CD;&#x997;&#x9A0;&#x9A8; :</subfield>
    <subfield code="b">(&#x986;&#x995;&#x9BE;&#x9B6;&#x9AC;&#x9BE;&#x9A3;&#x9C0; &#x995;&#x9B0;&#x9CD;&#x9A4;&#x9C3;&#x995; &#x9AA;&#x9CD;&#x9B0;&#x99A;&#x9BE;&#x9B0;&#x9BF;&#x9A4; &#x9AA;&#x9CD;&#x9AF;&#x9BE;&#x99F;&#x9C7;&#x9B2; &#x9B8;&#x9CD;&#x9AE;&#x9C3;&#x9A4;&#x9BF; &#x9AC;&#x995;&#x9CD;&#x9A4;&#x9C3;&#x9A4;&#x9BE;&#x9AE;&#x9BE;&#x9B2;&#x9BE;) /</subfield>
    <subfield code="c">&#x99C;&#x9BE;&#x995;&#x9C0;&#x9B0; &#x9B9;&#x9C1;&#x9B8;&#x9C7;&#x9A8; ; &#x985;&#x9A8;&#x9C1;&#x9AC;&#x9BE;&#x9A6;&#x995;: &#x995;&#x9C3;&#x9B7;&#x9CD;&#x9A3; &#x9A7;&#x9B0;</subfield>
  </datafield>
  <datafield tag="260" ind1=" " ind2=" ">
    <subfield code="a">&#x9A8;&#x9AF;&#x9BC;&#x9BE;&#x9A6;&#x9BF;&#x9B2;&#x9CD;&#x9B2;&#x9C0; :</subfield>
    <subfield code="b">&#x9A3;&#x9CD;&#x9AF;&#x9BE;&#x9B6;&#x9A8;&#x9BE;&#x9B2; &#x9AC;&#x9C1;&#x995; &#x99F;&#x9CD;&#x9B0;&#x9BE;&#x9B8;&#x9CD;&#x99F; &#x987;&#x9A8;&#x9CD;&#x9A1;&#x9BF;&#x9AF;&#x9BC;&#x9BE;,</subfield>
    <subfield code="c">&#x9E7;&#x9EF;&#x9EC;&#x9E9;</subfield>
  </datafield>
  <datafield tag="300" ind1=" " ind2=" ">
    <subfield code="a">[&#x9EA;], &#x9EC;&#x9EA; &#x9AA;&#x9C3;. ;</subfield>
    <subfield code="c">&#x9E8;&#x9E8; &#x9B8;&#x9C7;&#x9AE;&#x9BF;.</subfield>
  </datafield>
  <datafield tag="490" ind1=" " ind2=" ">
    <subfield code="a">&#x9AA;&#x9CD;&#x9AF;&#x9BE;&#x99F;&#x9C7;&#x9B2; &#x9B8;&#x9CD;&#x9AE;&#x9C3;&#x9A4;&#x9BF; &#x9AC;&#x995;&#x9CD;&#x9A4;&#x9C3;&#x9A4;&#x9BE;&#x9AE;&#x9BE;&#x9B2;&#x9BE; ;</subfield>
    <subfield code="v">&#x9E7;&#x9EF;&#x9EB;&#x9EE;</subfield>
  </datafield>
  <datafield tag="500" ind1=" " ind2=" ">
    <subfield code="a">"&#x9A8;&#x9AF;&#x9BC;&#x9BE;&#x9A6;&#x9BF;&#x9B2;&#x9CD;&#x9B2;&#x9C0;&#x9B0; &#x9AC;&#x9BF;&#x99C;&#x9CD;&#x99E;&#x9BE;&#x9A8;&#x9AD;&#x9AC;&#x9A8;&#x9C7; &#x9E7;&#x9EF;&#x9EB;&#x9EE; &#x9B8;&#x9BE;&#x9B2;&#x9C7;&#x9B0; &#x9E7;&#x9E8;, &#x9E7;&#x9E9; &#x98F;&#x9AC;&#x982; &#x9E7;&#x9EA; &#x9A1;&#x9BF;&#x9B8;&#x9C7;&#x9AE;&#x9CD;&#x9AC;&#x9B0; &#x9A4;&#x9BE;&#x9B0;&#x9BF;&#x996;&#x9C7; &#x9AA;&#x9CD;&#x9B0;&#x9A6;&#x9A4;&#x9CD;&#x9A4; &#x9B8;&#x9B0;&#x9CD;&#x9A6;&#x9BE;&#x9B0; &#x9AC;&#x9B2;&#x9CD;&#x9B2;&#x9AD;&#x9AD;&#x9BE;&#x987; &#x9AA;&#x9CD;&#x9AF;&#x9BE;&#x99F;&#x9C7;&#x9B2; &#x9B8;&#x9CD;&#x9AE;&#x9C3;&#x9A4;&#x9BF; &#x9AC;&#x995;&#x9CD;&#x9A4;&#x9C3;&#x9A4;&#x9BE;&#x9AE;&#x9BE;&#x9B2;&#x9BE; &#x98F;&#x9AC;&#x982; &#x9AA;&#x9B0;&#x9C7; &#x986;&#x995;&#x9BE;&#x9B6;&#x9AC;&#x9BE;&#x9A3;&#x9C0; &#x995;&#x9B0;&#x9CD;&#x9A4;&#x9C3;&#x995; &#x9AA;&#x9CD;&#x9B0;&#x99A;&#x9BE;&#x9B0;&#x9BF;&#x9A4; " </subfield>
  </datafield>
  <datafield tag="650" ind1=" " ind2=" ">
    <subfield code="a">&#x9B6;&#x9BF;&#x995;&#x9CD;&#x9B7;&#x9BE;</subfield>
    <subfield code="z">&#x9AD;&#x9BE;&#x9B0;&#x9A4;</subfield>
    <subfield code="9">221243</subfield>
  </datafield>
  <datafield tag="650" ind1=" " ind2=" ">
    <subfield code="a">Education</subfield>
    <subfield code="z">India</subfield>
    <subfield code="9">221244</subfield>
  </datafield>
  <datafield tag="700" ind1=" " ind2=" ">
    <subfield code="a">&#x9A7;&#x9B0;, &#x995;&#x9C3;&#x9B7;&#x9CD;&#x9A3;, &#x985;&#x9A8;&#x9C1;&#x9AC;&#x9BE;&#x9A6;&#x995;</subfield>
    <subfield code="9">221245</subfield>
  </datafield>
  <datafield tag="830" ind1=" " ind2=" ">
    <subfield code="a">&#x9AA;&#x9CD;&#x9AF;&#x9BE;&#x99F;&#x9C7;&#x9B2; &#x9B8;&#x9CD;&#x9AE;&#x9C3;&#x9A4;&#x9BF; &#x9AC;&#x995;&#x9CD;&#x9A4;&#x9C3;&#x9A4;&#x9BE;&#x9AE;&#x9BE;&#x9B2;&#x9BE; ;</subfield>
    <subfield code="v">&#x9E7;&#x9EF;&#x9EB;&#x9EE;</subfield>
    <subfield code="9">221242</subfield>
  </datafield>
  <datafield tag="942" ind1=" " ind2=" ">
    <subfield code="2">ddc</subfield>
    <subfield code="c">RAR</subfield>
  </datafield>
  <datafield tag="999" ind1=" " ind2=" ">
    <subfield code="c">64153</subfield>
    <subfield code="d">64153</subfield>
  </datafield>
  <datafield tag="952" ind1=" " ind2=" ">
    <subfield code="0">0</subfield>
    <subfield code="1">0</subfield>
    <subfield code="2">ddc</subfield>
    <subfield code="4">0</subfield>
    <subfield code="7">1</subfield>
    <subfield code="8">RARE</subfield>
    <subfield code="a">RUCL</subfield>
    <subfield code="b">RUCL</subfield>
    <subfield code="c">Rare</subfield>
    <subfield code="d">1981-09-30</subfield>
    <subfield code="e">India International, Calcutta</subfield>
    <subfield code="g">1.00</subfield>
    <subfield code="l">0</subfield>
    <subfield code="o">BRA 379.54 HUB 1963</subfield>
    <subfield code="r">2018-04-24 00:00:00</subfield>
    <subfield code="t">C-1</subfield>
    <subfield code="w">2018-04-24</subfield>
    <subfield code="y">RAR</subfield>
  </datafield>
</record>
